|
|
|
|
| LEADER |
01592nam a22003257a 4500 |
| 001 |
34202 |
| 003 |
BD-DhAAL |
| 005 |
20211125115045.0 |
| 008 |
190124t2014 bg ||||| |||| 001 0 ben d |
| 999 |
|
|
|c 40379
|d 40379
|
| 020 |
|
|
|a 9789843358639
|
| 040 |
|
|
|a BD-DhAAL
|
| 041 |
|
|
|a ben
|a eng
|
| 082 |
|
|
|a 320.95492
|2 22
|
| 245 |
|
|
|a বাংলাদেশ গণপরিষদ বিতর্ক /
|c সংকলন ও সম্পাদনা মোঃ আব্দুল হালিম
|
| 260 |
|
|
|a ঢাকা :
|b সিসিবি ফান্ডেশন,
|c ২০১৪
|
| 300 |
|
|
|a ২০২১ পৃষ্ঠা ;
|c ২২ সে.মি.
|
| 500 |
|
|
|a নিঘন্ট অন্তভুক্ত
|
| 526 |
|
|
|a SOL
|
| 541 |
|
|
|a Development book agency
|e 34202, 34203
|
| 650 |
|
|
|a Politics and government
|9 29807
|
| 650 |
|
|
|a Constitutions
|z Bangladesh
|9 29811
|
| 650 |
|
|
|a Law.
|9 43153
|
| 651 |
|
|
|a Bangladesh
|x Politics and government
|y 1971-
|9 29812
|
| 651 |
|
|
|a Bangladesh
|x Gaṇaparishada.
|9 29813
|
| 700 |
|
|
|a হালিম, মোঃ আব্দুল
|9 29789
|
| 852 |
|
|
|a Ayesha Abed Library
|c General Stacks
|
| 942 |
|
|
|2 ddc
|c BK
|
| 952 |
|
|
|0 0
|1 0
|2 ddc
|4 0
|6 320_954920000000000_BAN
|7 0
|9 64898
|a BRACUL
|b BRACUL
|c GEN
|d 2019-01-06
|e Development Book Agency
|g 800.00
|l 3
|m 33
|o 320.95492 BAN
|p 3010034203
|q 2026-05-21
|r 2025-10-13
|s 2025-10-13
|t 2
|v 800.00
|w 2019-01-06
|y BK
|
| 952 |
|
|
|0 0
|1 0
|2 ddc
|4 0
|6 320_954920000000000_BAN
|7 0
|9 64899
|a BRACUL
|b BRACUL
|c GEN
|d 2019-01-06
|e Development Book Agency
|g 800.00
|l 1
|m 3
|o 320.95492 BAN
|p 3010034202
|r 2019-04-29
|s 2019-03-31
|t 1
|v 800.00
|w 2019-01-06
|y BK
|